Every country in the Americas + Oceania from worst to best(to live in) - Statistics

General Stats
  • This quiz has been taken 13 times
  • The average score is 30 of 50
Answer Stats
Hint Answer % Correct
Oceania New Zealand
100%
Oceania Australia
91%
Northern America Canada
91%
Central America Costa Rica
91%
Northern America United States of America
91%
South America Argentina
82%
Caribbean Bahamas
82%
Caribbean Barbados
82%
South America Brazil
82%
South America Chile
82%
South America Colombia
82%
Caribbean Dominican Republic
82%
South America Ecuador
82%
Central America Mexico
82%
South America Uruguay
82%
Central America Guatemala
73%
Caribbean Haiti
73%
South America Paraguay
73%
South America Peru
73%
Caribbean Trinidad and Tobago
73%
Central America Belize
64%
Caribbean Cuba
64%
Central America El Salvador
64%
Central America Honduras
64%
Central America Nicaragua
64%
Central America Panama
64%
Oceania Papua New Guinea
64%
Caribbean Antigua and Barbuda
55%
South America Bolivia
55%
Caribbean Dominica
55%
Oceania Fiji
55%
Caribbean Grenada
55%
Oceania Palau
55%
Caribbean St Kitts and Nevis
55%
Caribbean St Lucia
55%
Caribbean St Vincent and the Grenadines
55%
South America Venezuela
55%
Caribbean Jamaica
36%
Oceania Nauru
36%
Oceania Solomon Islands
36%
Oceania Tuvalu
36%
Caribbean Guyana
27%
Oceania Kiribati
27%
Oceania Marshall Islands
27%
Oceania Micronesia
27%
Oceania Samoa
27%
Caribbean Suriname
27%
Oceania Tonga
27%
Oceania Vanuatu
27%
Caribbean Puerto Rico
18%
No matching quizzes found
Score Distribution
Percent of People with Each Score
Percentile by Number Answered
Your Score History
You have not taken this quiz